BIBLIOTECA

SENCICO

Arquitectura tropical : (Registro nro. 3776)

Detalles MARC
000 -LEADER
fixed length control field 01038nam a22003017a 4500
003 - CONTROL NUMBER IDENTIFIER
control field PE SENCICO BE
005 - DATE AND TIME OF LATEST TRANSACTION
control field 20251020182625.0
008 - FIXED-LENGTH DATA ELEMENTS--GENERAL INFORMATION
fixed length control field 230112b |||||||| |||| 00| 0 eng d
020 ## - INTERNATIONAL STANDARD BOOK NUMBER
International Standard Book Number 978-612-4234-83-5
040 ## - CATALOGING SOURCE
Original cataloging agency PE SENCICO BE
Transcribing agency PE SENCICO BE
041 ## - LANGUAGE CODE
Language code of text/sound track or separate title spa
082 ## - DEWEY DECIMAL CLASSIFICATION NUMBER
Classification number 728.37047
Item number H44
-- 2018
100 1# - MAIN ENTRY--PERSONAL NAME
9 (RLIN) 463
Personal name Hertz, John B.
Relator term autor
245 1# - TITLE STATEMENT
Title Arquitectura tropical :
Remainder of title diseño bioclimático de viviendas en la selva del Perú /
Statement of responsibility, etc. John B. Hertz
250 ## - EDITION STATEMENT
Edition statement 2a ed.
260 ## - PUBLICATION, DISTRIBUTION, ETC.
Place of publication, distribution, etc. Lima :
Name of publisher, distributor, etc. Universitaria,
Date of publication, distribution, etc. 2018
300 ## - PHYSICAL DESCRIPTION
Extent [11], 138 p. :
Other physical details diagrs.,
Dimensions 25 cm.
504 ## - BIBLIOGRAPHY, ETC. NOTE
Bibliography, etc. note Bibliografía: p. 136-138
650 14 - SUBJECT ADDED ENTRY--TOPICAL TERM
9 (RLIN) 464
Topical term or geographic name entry element Arquitectura tropical
650 24 - SUBJECT ADDED ENTRY--TOPICAL TERM
9 (RLIN) 18
Topical term or geographic name entry element Diseño arquitectónico
650 24 - SUBJECT ADDED ENTRY--TOPICAL TERM
9 (RLIN) 189
Topical term or geographic name entry element Arquitectura bioclimática
650 24 - SUBJECT ADDED ENTRY--TOPICAL TERM
9 (RLIN) 59
Topical term or geographic name entry element Construcción de viviendas
650 24 - SUBJECT ADDED ENTRY--TOPICAL TERM
9 (RLIN) 77
Topical term or geographic name entry element Viviendas
Geographic subdivision Perú
650 24 - SUBJECT ADDED ENTRY--TOPICAL TERM
9 (RLIN) 71
Topical term or geographic name entry element Materiales de construcción
710 1# - ADDED ENTRY--CORPORATE NAME
9 (RLIN) 465
Corporate name or jurisdiction name as entry element Universidad Ricardo Palma (Lima)
910 ## - USER-OPTION DATA (OCLC)
-- hfp
-- hfp
942 ## - ADDED ENTRY ELEMENTS (KOHA)
Source of classification or shelving scheme Dewey Decimal Classification
Koha item type Libros
Edition 2018
Classification part 728.37047
Item part H44
Existencias
Fecha de la última vez que lo usaron Número de ingreso o de inventario Pago total Signatura topográfica completa Precio efectivo desde Tipo de documento Estado perdido Sistema de clasificación Estado dañado No es para préstamo Retirado Ubicación permanente Ubicación actual Fecha de adquisición
12/01/2023 16483   728.37047/H44/2018 12/01/2023 Libros   Dewey Decimal Classification       Biblioteca Central Lima Biblioteca Central Lima 12/01/2023